000 01044nas a2200301 i 4500
001 1487
003 ES-MaACL
005 20250731030154.0
008 950801c1945 sp | | 1 ||pa d
080 _a630*6/*8(460)
245 0 0 _aMontes /
_cdir. Ignacio Echeverría Ballarín.
260 _aMadrid :
_bEscuela de Ingenieros de Montes,
_c1945- (
_fArtes Gráf. Diana)
300 _a12 v. ;
_c28 cm.
310 _aBimensual
362 0 _aAño I (ene. 1945)
500 _aNo se publicó de 1980 a 1983.
500 _aEn 1984 comienza la segunda época.
500 _aEntre los v. XXXI-XXXII (1975-76) aparece un índice de 1974.
650 1 7 _aAgricultura
_2embne
_99670
655 7 _2tgfbne
_9226866
_aRevistas
700 1 _aEcheverría Ballarín, Ignacio.
_946583
700 1 _aLópez Lillo, Antonio.
_973724
710 2 _aEscuela de Ingenieros de Montes.
_93548
852 _aES-MaACL
_jK-54
866 0 _o1945-58(1959-60),(1967),1970,1975-76(1977f.n.189)1978(1979f.n.193-194).(1984).
942 _2udc
999 _c1487
_d1487